00670 2200193 4500001002100000005001500021035002000036007000300056008004100059020002200100082001000122084001600132100006700148245013000215250001200345260004700357300003800404650003400442INLIS00000000000198320260128082741 a0010-0126000025ta260128 g 0 ind  a978-979-769-116-5 a612.3 a612.3 DEP g0 aDepartemen Gizi dan Kesehatan Masyarakat Universitas Indonesia1 aGizi dan Kesehatan Masyarakat /cDepartemen Gizi dan Kesehatan Masyarakat Fakultas Kesehatan Masyarakat Universitas Indonesia aCet. 10 aJakarta :bPT. RajaGrafindo Persada,c2016 axviii + 342 hlm ;c13.5 x 20.5 cm aGizi dan Kesehatan Masyarakat